| 000 | 00433nam a2200169 a 4500 | ||
|---|---|---|---|
| 001 | 0047 | ||
| 005 | 20140414131916.0 | ||
| 008 | 040202s19uu xx 00 eng d | ||
| 020 | _a983-9072-40-4 | ||
| 050 |
_aER _bJ12 1997 |
||
| 245 | _aJack and the beanstalk. | ||
| 260 |
_bMecron, _c1997. _aKuala Lumpur, Malaysia : |
||
| 300 | _a1 v. p. : ill. ; cm. | ||
| 650 | _aFolk tales. | ||
| 650 | _aChildren stories. | ||
| 999 |
_c111479 _d111479 |
||